|
|
|
|
| LEADER |
02076nam a2200385 u 4500 |
| 001 |
10020589 |
| 003 |
upatras |
| 005 |
20240413063302.0 |
| 008 |
990225s1998 us eng |
| 020 |
|
|
|a 0262531801
|
| 020 |
|
|
|a 0262032503
|
| 040 |
|
|
|a GR-PaULI
|c GR-PaULI
|
| 041 |
0 |
|
|a eng
|
| 082 |
0 |
4 |
|a 401.93
|
| 100 |
1 |
|
|a Crain, Stephen
|9 144761
|
| 245 |
1 |
0 |
|a Investigations in universal grammar
|b a guide to experiments on the acquisition of syntax and semantics
|c Crain Stephen and Rosalind Thornton
|
| 260 |
|
|
|a Cambridge
|b The MIT Press
|c 1998
|
| 300 |
|
|
|a ix, 342 p.
|b fig.
|c 26 cm.
|
| 490 |
0 |
|
|a Language, speech, and communication
|
| 504 |
|
|
|a Includes references and index
|
| 650 |
|
0 |
|a Γλωσσολογία
|9 517
|
| 650 |
|
4 |
|9 25618
|a Γραμματική, Συγκριτική και γενική
|x Σύνταξη
|
| 650 |
|
4 |
|9 131119
|a Κατάκτηση της γλώσσας
|x Μάθηση
|
| 700 |
1 |
|
|a Thornton, Rosalind
|9 144762
|
| 760 |
0 |
|
|a Language, speech, and communication
|
| 852 |
|
|
|a GR-PaULI
|b ΠΑΤΡΑ
|b ΒΚΠ
|b ΒΣ1
|k ΑΣΧΞ
|h 401.93 C
|m 044125
|p 025000057624
|t 2
|
| 852 |
|
|
|a GR-PaULI
|b ΠΑΤΡΑ
|b ΦΙΛΟΛΟΓΙΑ
|k ΑΣΧΞ
|h 401.93 C
|m 040980
|p 025000003968
|t 1
|
| 852 |
|
|
|a GR-PaULI
|b ΠΑΤΡΑ
|b ΦΙΛΟΛΟΓΙΑ
|b ΓΛΚ
|k ΔΑΝΕΙΖ-6
|h 401.93 CRA
|m 5402
|p 025000101649
|
| 942 |
|
|
|2 ddc
|c BK15
|
| 952 |
|
|
|0 0
|1 0
|4 0
|6 401_930000000000000_C
|7 0
|9 180420
|a LISP
|b LISP
|c BSC
|d 2016-04-24
|i 044125
|l 0
|o 401.93 C
|p 025000057624
|r 2016-04-24 00:00:00
|t 2
|w 2016-04-24
|y BK15
|
| 952 |
|
|
|0 0
|1 0
|2 ddc
|4 0
|6 401_930000000000000_C
|7 0
|9 180421
|a LISP
|b LISP
|c BSC
|d 2016-04-24
|i 040980
|l 1
|m 1
|o 401.93 C
|p 025000003968
|r 2019-03-04 00:00:00
|s 2019-02-01
|t 1
|w 2016-04-24
|y BK15
|x Μεταφορά Τμήματος Φιλολογίας
|
| 952 |
|
|
|0 0
|1 0
|2 ddc
|4 0
|6 401_930000000000000_CRA
|7 0
|9 180422
|a LISP
|b LISP
|c BSC
|d 2016-04-24
|i 5402
|l 0
|o 401.93 CRA
|p 025000101649
|r 2016-04-24 00:00:00
|w 2016-04-24
|y BK15
|x Μεταφορά Τμήματος Φιλολογίας
|
| 998 |
|
|
|c ΑΝΔΡΙΚΟΠΟΥΛΟΥ
|d 2005-01
|
| 998 |
|
|
|c ΗΛΙΟΠΟΥΛΟΥ
|d 1999-02
|
| 999 |
|
|
|c 111542
|d 111542
|